Contabilidad de eficiencia para planeamiento y control (Registro nro. 1988)
[ vista simple ]
| 000 -LEADER | |
|---|---|
| fixed length control field | 01415 a2200217 4500 |
| 001 - CONTROL NUMBER | |
| control field | 29954 |
| 005 - DATE AND TIME OF LATEST TRANSACTION | |
| control field | 20260407155610.0 |
| 008 - FIXED-LENGTH DATA ELEMENTS--GENERAL INFORMATION | |
| fixed length control field | 260407a1978 arg spa d |
| 003 - CONTROL NUMBER IDENTIFIER | |
| control field | AR-UNSa-BCEJYS |
| 040 ## - CATALOGING SOURCE | |
| Original cataloging agency | AR-UNSa-BCEJYS |
| Language of cataloging | spa |
| Transcribing agency | AR-UNSa-BCEJYS |
| 080 ## - UNIVERSAL DECIMAL CLASSIFICATION NUMBER | |
| Universal Decimal Classification number | 657.474.2 |
| Common auxiliary subdivision | Relaciones entre la contabilidad comercial y la contabilidad de costes<br/> |
| 100 1# - MAIN ENTRY--PERSONAL NAME | |
| Personal name | Raimondi, Carlos A. |
| 245 10 - TITLE STATEMENT | |
| Title | Contabilidad de eficiencia para planeamiento y control |
| 250 ## - EDITION STATEMENT | |
| Edition statement | 3a. ed |
| 264 #1 - PRODUCTION, PUBLICATION, DISTRIBUTION, MANUFACTURE, AND COPYRIGHT NOTICE | |
| Place of production, publication, distribution, manufacture | Buenos Aires : |
| Name of producer, publisher, distributor, manufacturer | Ediciones Contabilidad Moderna |
| Date of production, publication, distribution, manufacture, or copyright notice | 1978 |
| 300 ## - PHYSICAL DESCRIPTION | |
| Extent | 482 p. |
| Dimensions | 23 cm. |
| 505 ## - FORMATTED CONTENTS NOTE | |
| Formatted contents note | 1. El auge de los sistemas de información gerencial - 2. Características básicas de la contabilidad de eficiencia - 3. La contabilidad de eficiencia y el costeo directo - 4. Contabilidad por áreas de responsabilidad - 5. Costeo stándar de materiales y mano de obra - 6. Presupuestos variables de gastos indirectos basados en la medición del trabajo - 7. Rentabilidad por líneas de productos y plan de utilidades - 8. Rendimiento de la inversión y evaluación de proyectos - 9. El proceso de planeamiento de la utilidad - 10. Los informes gerenciales como medios de control y revisión de planes - 11. La contabilidad de eficiencia y la fijación de los precios de venta - 12. Bases para la administración científica de empresas |
| 590 ## - LOCAL NOTE (RLIN) | |
| Local note | niveau_biblio:m niveau_hierar:0 |
| 700 1# - ADDED ENTRY--PERSONAL NAME | |
| Personal name | Beyer, Robert |
| 942 ## - ADDED ENTRY ELEMENTS (KOHA) | |
| Koha item type | |
| Withdrawn status | Lost status | Damaged status | Not for loan | Home library | Current library | Shelving location | Date acquired | Total checkouts | Full call number | Barcode | Date last seen | Price effective from | Koha item type |
|---|---|---|---|---|---|---|---|---|---|---|---|---|---|
| Biblioteca Prof. Eusebio Cleto del Rey | Biblioteca Prof. Eusebio Cleto del Rey | 07/04/2026 | 657.474.2 B573 | L33730 | 07/04/2026 | 07/04/2026 | Libro | ||||||
| Biblioteca Prof. Eusebio Cleto del Rey | Biblioteca Prof. Eusebio Cleto del Rey | 07/04/2026 | 657.474.2 B573 | L23644 | 07/04/2026 | 07/04/2026 | Libro | ||||||
| Biblioteca Prof. Eusebio Cleto del Rey | Biblioteca Prof. Eusebio Cleto del Rey | 07/04/2026 | 657.474.2 B573 | L33795 | 07/04/2026 | 07/04/2026 | Libro |